000 00544nmm a2200193Ia 4500
008 251105s9999||||xx |||||||||||||||||und||
020 _a9788499183930
041 _aspa
100 _aSedgwick, Marcus
245 0 _aChalados y chamba
264 _a[Madrid, España] :
_bRoca Editorial,
_c2012
300 _a95 páginas
490 _aCrónicas de Edgar el cuervo
650 _aAges 9-12 Years Old
700 _aSedgwick, Marcus
700 1 _a Del Rey, Santiago
856 _uhttps://public.digitaliapublishing.com/a/37265
942 _cCF
999 _c71282
_d71282